Statistics for World Capitals: min/max Avg Distance from other Capitals in Same Continent

Click here to take the quiz!

General Stats

  • This quiz has been taken 35 times
  • The average score is 8 of 14

Answer Stats

Min% Correct
Ottawa (3 378)
89%
Reykjavik (2 905)
85%
Sucre (2 221)
78%
Vienna (967)
70%
Caracas (3 088)
67%
Wellington (13 890)
67%
Port Louis (5 432)
56%
Dili (6 950)
52%
Port-Vila (2 319)
44%
Islamabad (3 113)
41%
Yaounde (2 704)
41%
Melekeok (4 639)
37%
Port-au-Prince (1 500)
37%
Tirana (5 774)
15%

Score Distribution

Percentile by Number Answered

Percent of People with Each Score

Your Score History

You have not taken this quiz